| 000 | 00474nam a2200181Ia 4500 | ||
|---|---|---|---|
| 008 | 240925s9999 xx 000 0 und d | ||
| 020 | _a9781118182628 | ||
| 082 | _a338.092520973 LIN | ||
| 100 | _aLinder, Karen | ||
| 245 | 4 | _aThe Women of Berkshire Hathaway | |
| 250 | _aNA | ||
| 260 |
_aAustralia: _bJohn Wiley & Sons _c,2012. |
||
| 300 |
_a374p. _bNA _fOriginal |
||
| 500 | _aIncludes Index | ||
| 600 | _aSocial Sciences | ||
| 650 | _aSocial Sciences | ||
| 942 | _cBK | ||
| 999 |
_c15066 _d15066 |
||